Simposio Alcohol y Energía (Record no. 144100)

MARC details
000 -LEADER
campo de control de longitud fija 00885nam a2200217 4500
001 - NÚMERO DE CONTROL
campo de control 144100
003 - IDENTIFICADOR DE NÚMERO DE CONTROL
campo de control ES-MaACL
005 - FECHA Y HORA DE LA ÚLTIMA TRANSACCIÓN
campo de control 20230906200937.0
007 - CAMPO FIJO DE DESCRIPCIÓN FÍSICA--INFORMACIÓN GENERAL
campo de control de longitud fija t|
008 - DATOS DE LONGITUD FIJA--INFORMACIÓN GENERAL
campo de control de longitud fija 070214s1983 sp r ||||1| spa d
111 2# - ENTRADA PRINCIPAL--NOMBRE DE CONGRESO/REUNIÓN
Nombre de congreso/reunión o jurisdicción como elemento de entrada Simposio Alcohol y Energía (
Sede del congreso/Lugar de la reunión Valencia (
Fecha del congreso o de la firma del tratado 1981)
9 (RLIN) 135218
245 10 - MENCIÓN DEL TÍTULO
Título Simposio Alcohol y Energía
Resto del título : celebrado en la sede de la Fundación Valenciana de Estudios Avanzados : Valencia, 11 y 12 de diciembre de 1981.
260 ## - PUBLICACIÓN, DISTRIBUCIÓN, ETC.
Lugar de publicación, distribución, etc. Madrid :
Nombre del editor, distribuidor, etc. Instituto Nacional de Investigaciones Agrarias,
Fecha de publicación, distribución, etc. 1983.
300 ## - DESCRIPCIÓN FÍSICA
Extensión 167 p., 3 lám. :
Otras características físicas il. ;
Dimensiones 24 cm.
490 1# - MENCIÓN DE SERIE
Mención de serie Monografías I. N. I. A. ;
Designación de volumen o secuencia 47
710 2# - ENTRADA AGREGADA--NOMBRE DE ENTIDAD CORPORATIVA
Nombre de entidad corporativa o nombre de jurisdicción como elemento de entrada Instituto Nacional de Investigaciones Agrarias (España)
9 (RLIN) 5168
710 2# - ENTRADA AGREGADA--NOMBRE DE ENTIDAD CORPORATIVA
Nombre de entidad corporativa o nombre de jurisdicción como elemento de entrada Fundación Valenciana de Estudios Avanzados.
9 (RLIN) 4429
830 0# - PUNTO DE ACCESO ADICIONAL DE SERIE-TÍTULO UNIFORME
Título uniforme Monografías I. N. I. A. ;
Designación de volumen o secuencia 47
9 (RLIN) 177538
852 ## - LOCALIZACIÓN
Ubicación ES-MaACL
Número de control de estantería L-5838
Sublocalización o colección R.106283
Holdings
Estatus retirado Estado de pérdida Estado de daño No para préstamo Biblioteca de origen Biblioteca actual Ubicación en estantería Fecha de adquisición Fuente de adquisición Total de préstamos Signatura topográfica completa Código de barras Visto por última vez Precio de reemplazo Tipo de ítem Koha
        Biblioteca del Ateneo de Madrid Biblioteca del Ateneo de Madrid Depósito 2 17/01/2008     L-5838 1149924 23/02/2023 23/02/2023 Libro impreso